15 największych miast w woj. śląskim - Statystyki

Ogólne statystyki
  • Ten quiz został rozwiązany 58 razy
  • Średni wynik to 13 z 15
Statystyki odpowiedzi
Hint Odpowiedź % Poprawnych
303 314 Katowice
100%
177 815 Zabrze
93%
172 762 Bytom
91%
231 527 Częstochowa
89%
184 993 Gliwice
89%
210 249 Sosnowiec
89%
128 698 Tychy
88%
110 538 Chorzów
84%
140 094 Rybnik
84%
173 462 Bielsko-Biała
82%
123 774 Dąbrowa Górnicza
82%
141 090 Ruda Śląska
77%
75 028 Mysłowice
72%
93 556 Jaworzno
70%
91 073 Jastrzębie-Zdrój
60%
Nie znaleziono quizów pasujących do podanych kryteriów
Rozkład punktacji
Procent ludzi z każdym wynikiem
Percentyl według liczby udzielonych odpowiedzi
Twoja historia wyników
Nie rozwiązałeś tego quizu